000 01045nam a2200313 i 4500
001 16337
003 KOSZ 005
005 20191003090334.0
008 040614s1975 pl a f f |000 0 pol
015 _aPB 1975/9189
035 _a(OCoLC)749654335
040 _aWA N
_cWA N
_dKOSZ 005/EG
041 1 _apol
_hger
046 _k1975
080 _a535
100 1 _aHelbig, Erich.
_eAutor
245 1 0 _aPodstawy fotometrii /
_cErich Helbig ; tł. z niem. Jadwiga Tuszyńska.
246 1 _iTyt. oryg.:
_aGrundlagen der Lichtmesstechnik,
_f1972.
260 _aWarszawa :
_bWydawnictwa Naukowo-Techniczne,
_c1975.
300 _a288 s. :
_bil., tab., wykr. ;
_c24 cm.
380 _aKsiążki.
504 _aBibliogr.
658 _aFizyka i astronomia
650 4 _aFotometria
700 1 _aTuszyńska, Jadwiga.
_eTłumaczenie
710 2 _aWydawnictwa Naukowo-Techniczne
_4pbl.
856 _uhttp://koha.tu.koszalin.pl/cgi-bin/koha/opac-detail.pl?biblionumber=16337
_yKatalog online BPK
942 _2UKD
_cKS
999 _c16337
_d16337